[Event "Grunwald Cup 22nd blind"]
[Site "Dadaj"]
[Date "2007.09.29"]
[Round "9"]
[White "Traczyk, Tadeusz"]
[Black "Nocon, Marian"]
[Result "1-0"]
[WhiteElo "1964"]
[BlackElo "1889"]
[PlyCount "48"]
[EventDate "2007.09.24"]
[EventType "swiss"]
[EventRounds "9"]
[EventCountry "POL"]
[SourceTitle "EXT 2009"]
[Source "ChessBase"]
[SourceDate "2008.11.26"]
[SourceVersion "1"]
[SourceVersionDate "2008.11.26"]
[SourceQuality "1"]

1. d4 Nf6 2. Nf3 e6 3. Nbd2 d5 4. c3 Bd6 5. Qc2 h6 6. e4 dxe4 7. Nxe4 Nbd7 8. Bd3 Nxe4 9. Bxe4 Nf6 10. Bd3 Bd7 11. 0-0 0-0 12. Qe2 Bc6 13. Rd1 Bxf3 14. Qxf3 c6 15. a4 Re8 16. a5 a6 17. Bc2 Nd7 18. b4 Qf6 19. Qd3 Nf8 20. Be3 Rad8 21. g3 Qf3 22. Qe4 Qxe4 23. Bxe4 Nd7 24. Rab1 Ne5 1-0

[Event "Grunwald Cup 22nd blind"]
[Site "Dadaj"]
[Date "2007.09.28"]
[Round "8"]
[White "Nocon, Marian"]
[Black "Wyrzykowski, Jozef"]
[Result "0-1"]
[WhiteElo "1889"]
[BlackElo "1840"]
[PlyCount "84"]
[EventDate "2007.09.24"]
[EventType "swiss"]
[EventRounds "9"]
[EventCountry "POL"]
[SourceTitle "EXT 2009"]
[Source "ChessBase"]
[SourceDate "2008.11.26"]
[SourceVersion "1"]
[SourceVersionDate "2008.11.26"]
[SourceQuality "1"]

1. e4 e5 2. Nf3 d6 3. h3 Be7 4. Bc4 Nf6 5. d3 h6 6. Be3 Nc6 7. a3 0-0 8. Nc3 Kh8 9. 0-0 Be6 10. Ba2 Bxa2 11. Nxa2 Nh7 12. Nc3 Qd7 13. Qd2 f5 14. exf5 Rxf5 15. Nd5 Ng5 16. Nxg5 Bxg5 17. Bxg5 Rxg5 18. Kh2 Nd4 19. Rae1 c6 20. Ne3 Rf8 21. f3 Qf7 22. Ng4 Ne6 23. Nf2 Rf5 24. Ne4 Qd7 25. Ng3 Rg5 26. Ne4 Rg6 27. Rf2 Nf4 28. Qe3 c5 29. Rg1 b6 30. g4 Qe6 31. Ng3 Rgf6 32. Rgf1 Qa2 33. c4 Qb3 34. Rd2 Ne6 35. Ne4 Rf4 36. Nxd6 Nd4 37. Rdf2 Nc2 38. Qd2 Nd4 39. Kg3 Qa4 40. Qe3 Qc6 41. Ne4 Qg6 42. Nc3 Nf5+ 0-1